Filosofía Budista : (Record no. 114535)

MARC details
000 -LEADER
fixed length control field 00612nam a22002057a 4500
005 - DATE AND TIME OF LATEST TRANSACTION
control field 20160311105322.0
008 - FIXED-LENGTH DATA ELEMENTS--GENERAL INFORMATION
fixed length control field 160311b ag||||| |||| 00| 0 spa d
020 ## - INTERNATIONAL STANDARD BOOK NUMBER
International Standard Book Number 9789871501533
050 04 - LIBRARY OF CONGRESS CALL NUMBER
Classification number B828 .3
Item number T65 2013
100 1# - MAIN ENTRY--PERSONAL NAME
Personal name Tola, Fernando
245 10 - TITLE STATEMENT
Title Filosofía Budista :
Remainder of title La vaciedad universal /
Statement of responsibility, etc Fernando Tola, Carmen Dragonetti
250 ## - EDITION STATEMENT
Edition statement 1a ed.
260 ## - PUBLICATION, DISTRIBUTION, ETC. (IMPRINT)
Place of publication, distribution, etc Buenos Aires, Argentina :
Name of publisher, distributor, etc Las cuarenta,
Date of publication, distribution, etc 2013
300 ## - PHYSICAL DESCRIPTION
Extent 232 p. ];
Dimensions 21 cm.
490 #0 - SERIES STATEMENT
Series statement Antropografías
650 ## - SUBJECT ADDED ENTRY--TOPICAL TERM
Topical term or geographic name as entry element Filosofía
650 ## - SUBJECT ADDED ENTRY--TOPICAL TERM
Topical term or geographic name as entry element Filosofía Budista
700 ## - ADDED ENTRY--PERSONAL NAME
Personal name Dragonetti, Carmen,
Relator term coaut.
942 ## - ADDED ENTRY ELEMENTS (KOHA)
Source of classification or shelving scheme Biblioteca del Cogreso de los Estados Unidos
Koha item type Libro
Holdings
Estado de pérdida Fuente de clasificación Estado del daño No para préstamo Ubicación permanente Ubicación actual Apartado o colección Fecha de adquisición Edición Área del conocimiento Clasificación Código de Barras Date last seen Número de copia Tipo de recurso
  Biblioteca del Cogreso de los Estados Unidos     Biblioteca de la Facultad de Filosofía Biblioteca de la Facultad de Filosofía General 11/03/2016 1a ed. Educación y Humanidades B828 .3 T65 2013 BFF000015441 11/03/2016 1 Libro